00466 a2200109 4500001000900000005001700009008004100026245016800067100003200235773007200267999001700339ART_769420260410161720.0260409a 10aResolución Técnica 26. Adopción de las normas internacionales de información financiera (NIIF) del consejo de normas internacionales de contabilidad (IASB)1 aD´Onofrio, Paula Alejandra0 tContabilidad y auditoríag- Año 15, Nº 29 (jun. 2009)wREV1723 c16919d16919